[Event "PMPJ 2022 - C15"]
[Site "Jastrzebia Gora"]
[Date "2022.11.12"]
[Round "9.14"]
[White "Niemczyk, Krzysztof"]
[Black "Wilgosz, Szczepan"]
[Result "1/2-1/2"]
[BlackElo "1618"]
[WhiteElo "1575"]
[LiveChessVersion "1.4.4"]

1. e4 {[%clk 1:30:59]} c5 {[%clk 1:30:50]} 2. Nf3 {[%clk 1:31:26]} d6
{[%clk 1:31:07]} 3. d4 {[%clk 1:31:52]} cxd4 {[%clk 1:31:31]} 4. Nxd4
{[%clk 1:32:19]} Nf6 {[%clk 1:31:51]} 5. Nc3 {[%clk 1:32:47]} a6 {[%clk 1:32:08]}
6. Bc4 {[%clk 1:33:13]} e6 {[%clk 1:32:24]} 7. Bb3 {[%clk 1:33:40]} b5
{[%clk 1:32:38]} 8. O-O {[%clk 1:34:04]} Be7 {[%clk 1:32:50]} 9. f4
{[%clk 1:32:51]} O-O {[%clk 1:32:31]} 10. f5 {[%clk 1:32:32]} b4 {[%clk 1:32:38]}
11. Na4 {[%clk 1:24:01]} e5 {[%clk 1:32:33]} 12. Ne2 {[%clk 1:23:58]} Bb7
{[%clk 1:32:13]} 13. Ng3 {[%clk 1:22:41]} Nbd7 {[%clk 1:23:26]} 14. Bg5
{[%clk 1:20:16]} Nxe4 {[%clk 1:10:26]} 15. Nxe4 {[%clk 1:19:04]} Bxe4
{[%clk 1:03:00]} 16. Qg4 {[%clk 1:18:39]} Bc6 {[%clk 0:48:25]} 17. Bxe7
{[%clk 1:15:32]} Qxe7 {[%clk 0:48:23]} 18. Qxb4 {[%clk 1:14:13]} Qg5
{[%clk 0:42:09]} 19. Rf2 {[%clk 1:12:59]} e4 20. Raf1 {[%clk 0:55:45]} e3
{[%clk 0:26:42]} 21. Re2 {[%clk 0:53:48]} d5 {[%clk 0:20:57]} 22. Nc3
{[%clk 0:50:59]} Nf6 {[%clk 0:18:46]} 23. Qd4 {[%clk 0:48:21]} Rfe8
{[%clk 0:11:38]} 24. Rf3 {[%clk 0:36:01]} Rad8 {[%clk 0:09:03]} 25. Rexe3
{[%clk 0:28:50]} Rxe3 {[%clk 0:04:16]} 26. Qxe3 {[%clk 0:28:24]} Qxe3+
{[%clk 0:02:48]} 27. Rxe3 {[%clk 0:28:48]} d4 {[%clk 0:03:03]} 28. Rd3
{[%clk 0:29:13]} Rd7 {[%clk 0:03:17]} 29. Ne2 {[%clk 0:29:14]} Bb5
{[%clk 0:03:00]} 30. c4 {[%clk 0:27:40]} dxc3 {[%clk 0:03:09]} 31. Rxd7
{[%clk 0:28:06]} Bxd7 {[%clk 0:03:26]} 32. Nxc3 {[%clk 0:28:14]} Bxf5
{[%clk 0:03:45]} 33. Bc4 {[%clk 0:28:38]} a5 {[%clk 0:01:10]} 34. Nd5
{[%clk 0:29:01]} Nxd5 {[%clk 0:00:47]} 35. Bxd5 {[%clk 0:29:27]} Kf8
{[%clk 0:00:45]} 36. Kf2 Ke7 {[%clk 0:00:58]} 37. Ke3 {[%clk 0:29:36]} f6
{[%clk 0:00:53]} 38. Kd4 {[%clk 0:29:31]} Kd6 {[%clk 0:00:55]} 39. Bf3
{[%clk 0:27:45]} Be6 {[%clk 0:00:47]} 40. a3 {[%clk 0:27:32]} Bb3
{[%clk 0:00:39]} 41. Kc3 {[%clk 0:27:55]} Be6 {[%clk 0:00:34]} 42. b4
{[%clk 0:28:11]} axb4+ {[%clk 0:00:45]} 43. Kxb4 {[%clk 0:28:21]} Bf5
{[%clk 0:00:41]} 44. a4 {[%clk 0:28:23]} Kc7 {[%clk 0:01:00]} 45. Kc5
{[%clk 0:28:17]} Bd3 {[%clk 0:01:19]} 46. a5 {[%clk 0:27:44]} Bf1
{[%clk 0:01:41]} 47. g3 {[%clk 0:27:57]} f5 {[%clk 0:00:50]} 48. Kd5
{[%clk 0:27:10]} Bd3 {[%clk 0:00:46]} 49. Ke6 {[%clk 0:21:58]} g5
{[%clk 0:00:47]} 50. Kf6 {[%clk 0:21:53]} f4 {[%clk 0:00:51]} 51. Kxg5
{[%clk 0:22:10]} fxg3 {[%clk 0:01:18]} 52. hxg3 {[%clk 0:22:34]} Kb8
{[%clk 0:01:28]} 53. Bg4 {[%clk 0:21:45]} Ka7 {[%clk 0:01:17]} 54. Bf5
{[%clk 0:21:13]} Be2 {[%clk 0:01:32]} 55. Bc8 {[%clk 0:20:54]} h5
{[%clk 0:01:14]} 56. a6 {[%clk 0:19:44]} Bd1 {[%clk 0:00:42]} 57. Kf5
{[%clk 0:19:27]} Bg4+ {[%clk 0:00:57]} 58. Kg5 {[%clk 0:19:51]} Bxc8
{[%clk 0:01:15]} 59. Kxh5 {[%clk 0:20:16]} Kxa6 {[%clk 0:01:39]} 1/2-1/2

[Event "PMPJ 2022 - C15"]
[Site "Jastrzebia Gora"]
[Date "2022.11.12"]
[Round "9.15"]
[White "Krol, Jan"]
[Black "Pieczulis, Hubert"]
[Result "1-0"]
[BlackElo "1412"]
[WhiteElo "1804"]
[LiveChessVersion "1.4.4"]

1. e4 e5 2. Nf3 Nf6 3. Nxe5 d6 4. Nf3 Nxe4 5. d4 d5 6. Bd3 Bd6 7. O-O O-O 8. c4
c6 9. Qc2 Re8 10. Nc3 Nf6 11. cxd5 cxd5 12. Bg5 h6 13. Bxf6 Qxf6 14. Nxd5 Qd8 15.
Ne3 Nc6 16. Bb5 Bd7 17. Bxc6 Bxc6 18. d5 Bb5 19. Rfe1 Rc8 20. Qb3 Ba6 21. Qa4 Bc5
22. Nf5 Rxe1+ 23. Rxe1 Qf6 24. Re8+ Rxe8 25. Qxe8+ Kh7 26. Qe5 Bd3 27. Qxf6 gxf6
28. N3d4 Kg6 29. g4 Bc4 30. d6 Bxa2 31. d7 Bb6 32. b3 Bb1 33. Nd6 f5 34. Nxb7 1-0

[Event "PMPJ 2022 - C15"]
[Site "Jastrzebia Gora"]
[Date "2022.11.12"]
[Round "9.16"]
[White "Miler, Franciszek"]
[Black "Grzadka, Artur"]
[Result "1/2-1/2"]
[BlackElo "1687"]
[WhiteElo "1608"]
[LiveChessVersion "1.4.4"]

1. e4 {[%clk 1:30:58]} c6 {[%clk 1:30:56]} 2. d4 {[%clk 1:31:25]} d5
{[%clk 1:31:22]} 3. e5 {[%clk 1:31:53]} Bf5 {[%clk 1:31:44]} 4. h4
{[%clk 1:32:14]} h6 {[%clk 1:32:01]} 5. g4 {[%clk 1:32:20]} Bd7 {[%clk 1:32:30]}
6. Nc3 {[%clk 1:26:07]} e6 {[%clk 1:32:03]} 7. Be3 Bb4 {[%clk 1:15:31]} 8. f4
{[%clk 1:23:19]} Ne7 {[%clk 1:13:37]} 9. Nf3 {[%clk 1:18:26]} c5 {[%clk 1:08:37]}
10. dxc5 {[%clk 1:14:55]} Qa5 {[%clk 1:06:43]} 11. Qd2 {[%clk 1:14:58]} Bxc5
{[%clk 1:05:34]} 12. Bxc5 {[%clk 1:13:18]} Qxc5 {[%clk 1:05:50]} 13. O-O-O
{[%clk 1:13:40]} a6 {[%clk 0:57:17]} 14. h5 {[%clk 1:03:55]} Nbc6
{[%clk 0:53:42]} 15. Ne4 {[%clk 0:55:47]} dxe4 {[%clk 0:46:41]} 16. Qxd7+
{[%clk 0:55:39]} Kf8 {[%clk 0:47:10]} 17. Nh4 {[%clk 0:54:59]} Nd5
{[%clk 0:30:23]} 18. Qd6+ {[%clk 0:27:53]} Qxd6 {[%clk 0:30:28]} 19. exd6
{[%clk 0:28:19]} Ne3 {[%clk 0:26:55]} 20. Re1 {[%clk 0:27:20]} Nxg4
{[%clk 0:27:18]} 21. f5 {[%clk 0:26:29]} e5 {[%clk 0:27:12]} 22. Bg2
{[%clk 0:22:59]} Rd8 {[%clk 0:17:30]} 23. Bxe4 {[%clk 0:21:19]} Rxd6
{[%clk 0:16:08]} 24. Rhg1 {[%clk 0:19:47]} Nf6 {[%clk 0:15:54]} 25. Bxc6
{[%clk 0:20:05]} Rxc6 {[%clk 0:16:22]} 26. Rxe5 {[%clk 0:20:27]} Nxh5
{[%clk 0:12:58]} 27. Rge1 {[%clk 0:15:44]} Kg8 {[%clk 0:10:11]} 28. Re7
{[%clk 0:15:29]} b5 {[%clk 0:09:58]} 29. Ra7 {[%clk 0:15:04]} Kh7
{[%clk 0:09:29]} 30. Rxf7 {[%clk 0:14:22]} Rhc8 {[%clk 0:09:53]} 31. Re2
{[%clk 0:13:55]} R6c7 {[%clk 0:08:25]} 32. Rxc7 {[%clk 0:13:05]} Rxc7
{[%clk 0:08:54]} 33. Re6 {[%clk 0:13:16]} Rc4 {[%clk 0:09:08]} 34. Ng6
{[%clk 0:13:37]} Nf4 {[%clk 0:07:48]} 35. Rxa6 {[%clk 0:12:58]} Ne2+
{[%clk 0:05:07]} 36. Kd2 {[%clk 0:12:24]} Nd4 {[%clk 0:05:07]} 37. b3
{[%clk 0:09:15]} Rc8 {[%clk 0:03:09]} 38. Nh4 {[%clk 0:07:12]} Nxc2
{[%clk 0:02:24]} 39. f6 {[%clk 0:06:32]} gxf6 {[%clk 0:01:38]} 40. Rxf6
{[%clk 0:06:29]} Nb4 {[%clk 0:01:08]} 41. Rf7+ {[%clk 0:05:48]} Kg8
{[%clk 0:01:22]} 42. Rb7 {[%clk 0:06:14]} Rc2+ {[%clk 0:01:12]} 43. Ke3
{[%clk 0:06:03]} Nxa2 {[%clk 0:01:29]} 44. Rxb5 {[%clk 0:06:10]} 1/2-1/2

[Event "PMPJ 2022 - C15"]
[Site "Jastrzebia Gora"]
[Date "2022.11.12"]
[Round "9.17"]
[White "Grabowski, Wojciech"]
[Black "Duda, Leon"]
[Result "1/2-1/2"]
[BlackElo "1621"]
[WhiteElo "1448"]
[LiveChessVersion "1.4.4"]

1. d4 {[%clk 1:30:58]} c5 {[%clk 1:30:56]} 2. c3 {[%clk 1:31:10]} Qc7
{[%clk 1:31:12]} 3. Nf3 {[%clk 1:31:30]} e6 {[%clk 1:31:14]} 4. e4
{[%clk 1:31:31]} Nf6 {[%clk 1:30:30]} 5. Bd3 {[%clk 1:29:58]} Nc6
{[%clk 1:29:24]} 6. a3 {[%clk 1:25:26]} d5 {[%clk 1:25:57]} 7. e5
{[%clk 1:25:14]} Nd7 {[%clk 1:19:28]} 8. Be3 {[%clk 1:24:10]} b6 {[%clk 1:16:52]}
9. Nbd2 {[%clk 1:22:22]} Bb7 {[%clk 1:16:49]} 10. Qe2 {[%clk 1:19:25]} Be7
{[%clk 1:15:33]} 11. O-O {[%clk 1:19:18]} O-O-O {[%clk 1:12:41]} 12. b4
{[%clk 1:16:23]} c4 {[%clk 1:12:49]} 13. Bc2 {[%clk 1:16:43]} Rdg8
{[%clk 1:11:34]} 14. Ne1 {[%clk 1:07:41]} f5 {[%clk 0:45:51]} 15. f4
{[%clk 1:00:34]} h6 {[%clk 0:40:54]} 16. Ba4 {[%clk 0:47:55]} g5 {[%clk 0:38:49]}
17. Bxc6 {[%clk 0:47:31]} Bxc6 {[%clk 0:38:36]} 18. a4 {[%clk 0:47:46]} gxf4
{[%clk 0:36:07]} 19. Bxf4 {[%clk 0:47:34]} Bg5 {[%clk 0:36:03]} 20. Nc2
{[%clk 0:42:50]} Rg6 {[%clk 0:24:30]} 21. b5 {[%clk 0:37:20]} Bb7
{[%clk 0:24:28]} 22. Qf2 {[%clk 0:33:32]} Nb8 {[%clk 0:20:18]} 23. Ne3
{[%clk 0:23:13]} Qg7 {[%clk 0:19:41]} 24. Kh1 {[%clk 0:20:14]} Nd7
{[%clk 0:15:30]} 25. Rg1 {[%clk 0:16:10]} Nf8 {[%clk 0:15:17]} 26. a5
{[%clk 0:10:06]} Qh7 {[%clk 0:13:58]} 27. a6 {[%clk 0:07:32]} Ba8
{[%clk 0:14:26]} 28. g3 {[%clk 0:04:32]} Rg7 {[%clk 0:14:23]} 29. h4
{[%clk 0:02:12]} Bd8 {[%clk 0:12:31]} 30. Ng2 {[%clk 0:00:57]} Rhg8
{[%clk 0:07:45]} 31. Nf1 {[%clk 0:00:32]} Qg6 {[%clk 0:04:15]} 32. Bd2
{[%clk 0:00:41]} Qg4 {[%clk 0:02:52]} 33. Nf4 {[%clk 0:00:50]} Rf7
{[%clk 0:00:43]} 34. Nh2 {[%clk 0:01:01]} Qg7 {[%clk 0:00:50]} 35. Nf1 Qg4 36.
Nh2 Bxh4 1/2-1/2

[Event "PMPJ 2022 - C15"]
[Site "Jastrzebia Gora"]
[Date "2022.11.12"]
[Round "9.18"]
[White "Jankowski, Franciszek"]
[Black "Bochenek, Ryszard"]
[Result "1/2-1/2"]
[BlackElo "1437"]
[WhiteElo "1500"]
[LiveChessVersion "1.4.4"]

1. d4 {[%clk 1:30:57]} Nf6 {[%clk 1:30:57]} 2. c4 {[%clk 1:31:19]} c5
{[%clk 1:30:47]} 3. d5 {[%clk 1:31:41]} b5 {[%clk 1:27:36]} 4. cxb5
{[%clk 1:32:00]} a6 {[%clk 1:28:02]} 5. b6 {[%clk 1:32:24]} Qxb6 {[%clk 1:27:50]}
6. Nc3 {[%clk 1:32:36]} Bb7 {[%clk 1:26:38]} 7. e4 {[%clk 1:32:38]} d6
{[%clk 1:27:05]} 8. Nf3 {[%clk 1:32:58]} Nbd7 {[%clk 1:26:00]} 9. Be2
{[%clk 1:32:47]} g6 {[%clk 1:25:27]} 10. O-O {[%clk 1:32:50]} Bg7
{[%clk 1:25:55]} 11. Nd2 {[%clk 1:29:48]} O-O {[%clk 1:25:10]} 12. Nc4
{[%clk 1:27:56]} Qc7 {[%clk 1:24:48]} 13. Bg5 {[%clk 1:25:27]} Nb6
{[%clk 1:20:45]} 14. Qd2 {[%clk 1:21:22]} Nxc4 {[%clk 1:20:58]} 15. Bxc4
{[%clk 1:21:45]} Rfe8 {[%clk 1:21:03]} 16. Rad1 {[%clk 1:17:58]} Nd7
{[%clk 1:21:11]} 17. Rfe1 {[%clk 1:17:18]} Rab8 {[%clk 1:18:21]} 18. Bh6
{[%clk 1:14:43]} Bh8 {[%clk 1:18:31]} 19. h3 {[%clk 1:13:37]} Bc8
{[%clk 1:13:53]} 20. Bf4 {[%clk 0:58:50]} Ne5 {[%clk 1:12:33]} 21. Bf1
{[%clk 0:55:09]} Bd7 {[%clk 1:06:27]} 22. Bg3 {[%clk 0:46:31]} Bb5
{[%clk 1:04:52]} 23. Nxb5 {[%clk 0:44:19]} axb5 {[%clk 1:05:11]} 24. b3
{[%clk 0:44:17]} c4 {[%clk 1:01:32]} 25. f4 {[%clk 0:41:53]} c3 {[%clk 1:00:09]}
26. Qe3 {[%clk 0:39:56]} Nd7 {[%clk 0:58:42]} 27. e5 {[%clk 0:38:48]} Kf8
{[%clk 0:34:51]} 28. b4 {[%clk 0:33:39]} f5 {[%clk 0:25:02]} 29. Rc1
{[%clk 0:28:07]} Rec8 {[%clk 0:22:43]} 30. Rc2 {[%clk 0:21:00]} Nb6
{[%clk 0:20:21]} 31. Qd4 {[%clk 0:20:12]} Na4 {[%clk 0:19:51]} 32. Bf2
{[%clk 0:16:16]} Rb7 {[%clk 0:17:21]} 33. Kh1 {[%clk 0:14:59]} Bg7
{[%clk 0:15:23]} 34. h4 {[%clk 0:11:56]} Rd8 {[%clk 0:12:28]} 35. Re3
{[%clk 0:10:35]} Kg8 {[%clk 0:11:14]} 36. Be1 {[%clk 0:09:28]} dxe5
{[%clk 0:09:04]} 37. fxe5 {[%clk 0:09:41]} Qd7 {[%clk 0:09:22]} 38. Rd3
{[%clk 0:02:39]} Rc7 {[%clk 0:07:57]} 39. Bxc3 {[%clk 0:01:00]} Rc4
{[%clk 0:08:23]} 40. Qe3 {[%clk 0:01:10]} Rxh4+ {[%clk 0:08:10]} 41. Kg1
{[%clk 0:01:33]} Nxc3 {[%clk 0:07:55]} 42. Rdxc3 {[%clk 0:01:49]} Qxd5
{[%clk 0:06:43]} 43. Rc5 {[%clk 0:01:53]} Bh6 {[%clk 0:06:25]} 44. Qf2
{[%clk 0:00:55]} Qd4 {[%clk 0:03:04]} 45. Qxd4 {[%clk 0:00:40]} Rdxd4
{[%clk 0:03:18]} 46. Bxb5 {[%clk 0:00:35]} Be3+ {[%clk 0:03:15]} 47. Kf1
{[%clk 0:00:57]} Rdf4+ {[%clk 0:02:40]} 48. Ke2 {[%clk 0:01:08]} Bxc5
{[%clk 0:03:05]} 49. bxc5 {[%clk 0:01:30]} Re4+ {[%clk 0:03:32]} 50. Kf3
{[%clk 0:01:05]} Rhf4+ {[%clk 0:03:28]} 51. Kg3 {[%clk 0:01:21]} Rg4+
{[%clk 0:02:58]} 52. Kf3 {[%clk 0:01:18]} Ref4+ {[%clk 0:02:20]} 53. Ke3
{[%clk 0:01:37]} Re4+ {[%clk 0:02:39]} 54. Kf3 {[%clk 0:01:55]} Ref4+
{[%clk 0:02:41]} 55. Ke3 Re4+ 56. Kd3 Rd4+ 57. Kc3 1/2-1/2

[Event "PMPJ 2022 - C15"]
[Site "Jastrzebia Gora"]
[Date "2022.11.12"]
[Round "9.19"]
[White "Jendrowiak, Maciej"]
[Black "Bajer, Tomasz"]
[Result "1-0"]
[BlackElo "1409"]
[WhiteElo "1664"]
[LiveChessVersion "1.4.4"]

1. d4 {[%clk 1:30:59]} Nf6 {[%clk 1:30:55]} 2. Nf3 {[%clk 1:31:24]} g6
{[%clk 1:31:13]} 3. g3 {[%clk 1:31:51]} Bg7 {[%clk 1:31:40]} 4. Bg2
{[%clk 1:32:17]} O-O {[%clk 1:32:06]} 5. O-O {[%clk 1:32:45]} d6 {[%clk 1:32:16]}
6. Re1 {[%clk 1:33:10]} Nbd7 {[%clk 1:29:31]} 7. e4 {[%clk 1:33:28]} e5
{[%clk 1:26:20]} 8. Nc3 {[%clk 1:32:41]} Ne8 {[%clk 1:17:51]} 9. a4
{[%clk 1:25:18]} exd4 {[%clk 1:15:21]} 10. Nxd4 {[%clk 1:24:50]} Ne5
{[%clk 1:13:30]} 11. Rb1 {[%clk 1:14:18]} c5 {[%clk 1:08:16]} 12. Nb3
{[%clk 1:07:18]} c4 {[%clk 1:02:13]} 13. Nd4 {[%clk 1:05:55]} Ng4
{[%clk 1:01:58]} 14. Nd5 {[%clk 1:00:40]} Nc7 {[%clk 1:01:14]} 15. Ne3
{[%clk 1:00:45]} Qf6 {[%clk 1:00:18]} 16. Nxg4 {[%clk 1:00:53]} Qxd4
{[%clk 1:00:23]} 17. Qxd4 {[%clk 1:00:56]} Bxd4 {[%clk 1:00:49]} 18. Ne3
{[%clk 1:01:02]} f5 {[%clk 0:59:42]} 19. exf5 {[%clk 1:00:05]} Bxe3
{[%clk 0:59:07]} 20. Bxe3 {[%clk 0:59:41]} Bxf5 {[%clk 0:58:43]} 21. Rbc1
{[%clk 0:58:00]} Rfd8 {[%clk 0:54:26]} 22. Red1 {[%clk 0:50:50]} Kf7
{[%clk 0:51:28]} 23. Bg5 {[%clk 0:48:43]} Re8 {[%clk 0:50:04]} 24. Rxd6
{[%clk 0:48:34]} Ne6 {[%clk 0:48:11]} 25. Rd7+ {[%clk 0:42:32]} Kg8
{[%clk 0:48:24]} 26. Bd5 {[%clk 0:42:00]} h6 {[%clk 0:43:26]} 27. Bxh6
{[%clk 0:33:47]} Kh8 {[%clk 0:41:40]} 28. Be3 {[%clk 0:26:44]} Bh3
{[%clk 0:38:02]} 29. Rd1 {[%clk 0:24:31]} Rab8 {[%clk 0:34:33]} 30. Rd4
{[%clk 0:22:48]} g5 {[%clk 0:34:14]} 31. Bxg5 {[%clk 0:20:26]} Kg8
{[%clk 0:33:51]} 32. Rh4 {[%clk 0:20:15]} Bf5 {[%clk 0:33:45]} 33. Bf6
{[%clk 0:20:35]} Re7 {[%clk 0:33:46]} 34. Rxe7 {[%clk 0:20:56]} Rf8
{[%clk 0:33:55]} 35. Rg7# {[%clk 0:21:17]} 1-0

[Event "PMPJ 2022 - C15"]
[Site "Jastrzebia Gora"]
[Date "2022.11.12"]
[Round "9.20"]
[White "Bartnik, Michal"]
[Black "Paluszek, Jan"]
[Result "1-0"]
[BlackElo "1348"]
[WhiteElo "1480"]
[LiveChessVersion "1.4.4"]

1. d4 {[%clk 1:30:59]} Nf6 {[%clk 1:30:59]} 2. c4 {[%clk 1:31:21]} g6
{[%clk 1:31:26]} 3. g3 {[%clk 1:31:47]} Bg7 {[%clk 1:31:51]} 4. Bg2
{[%clk 1:32:14]} O-O {[%clk 1:32:14]} 5. Nf3 {[%clk 1:32:39]} d6 {[%clk 1:32:39]}
6. Nc3 {[%clk 1:33:00]} Nc6 {[%clk 1:32:45]} 7. O-O {[%clk 1:33:24]} Rb8
{[%clk 1:32:41]} 8. e4 {[%clk 1:33:44]} e5 {[%clk 1:31:02]} 9. d5
{[%clk 1:33:31]} Na5 {[%clk 1:29:59]} 10. Qe2 {[%clk 1:32:56]} c5
{[%clk 1:30:05]} 11. b3 {[%clk 1:27:38]} Ne8 {[%clk 1:26:46]} 12. Ne1
{[%clk 1:24:24]} f5 {[%clk 1:26:41]} 13. Nd3 {[%clk 1:23:28]} a6 {[%clk 1:22:10]}
14. Bd2 {[%clk 1:20:04]} b5 {[%clk 1:21:19]} 15. Nb2 {[%clk 1:18:36]} b4 16. Nca4
{[%clk 1:17:52]} f4 {[%clk 1:17:55]} 17. f3 {[%clk 1:09:20]} fxg3
{[%clk 1:11:39]} 18. hxg3 {[%clk 1:09:03]} Nf6 {[%clk 1:10:59]} 19. Nd3
{[%clk 0:59:37]} Nh5 {[%clk 1:08:41]} 20. Kh2 {[%clk 0:59:29]} Rb7
{[%clk 1:05:44]} 21. Rab1 {[%clk 0:55:09]} Rbf7 {[%clk 1:01:22]} 22. Bh3
{[%clk 0:51:03]} Bxh3 {[%clk 1:01:25]} 23. Kxh3 {[%clk 0:51:27]} Nb7
{[%clk 1:01:13]} 24. Kg2 {[%clk 0:50:53]} Qf6 {[%clk 0:56:25]} 25. Rf2
{[%clk 0:48:59]} Nd8 {[%clk 0:50:35]} 26. Rh1 {[%clk 0:48:35]} Rc7
{[%clk 0:49:52]} 27. f4 {[%clk 0:42:14]} exf4 {[%clk 0:45:18]} 28. gxf4
{[%clk 0:41:50]} Qd4 {[%clk 0:40:42]} 29. Qf3 {[%clk 0:36:45]} Re7
{[%clk 0:40:30]} 30. Re1 {[%clk 0:36:42]} Bh6 {[%clk 0:35:23]} 31. Bc1
{[%clk 0:31:30]} Qg7 {[%clk 0:33:29]} 32. Bb2 {[%clk 0:24:20]} Qf7
{[%clk 0:33:21]} 33. Ref1 {[%clk 0:21:25]} Qe8 {[%clk 0:29:38]} 34. e5
{[%clk 0:15:11]} dxe5 {[%clk 0:28:37]} 35. Bxe5 {[%clk 0:13:47]} Rxe5
{[%clk 0:28:37]} 36. fxe5 {[%clk 0:13:45]} Rxf3 {[%clk 0:28:56]} 37. Rxf3
{[%clk 0:14:02]} Qe7 {[%clk 0:21:54]} 38. Naxc5 {[%clk 0:13:45]} Qg5+
{[%clk 0:22:03]} 39. Kh3 {[%clk 0:13:52]} Bg7 {[%clk 0:16:33]} 40. e6 Qe7
{[%clk 0:13:24]} 41. Re1 {[%clk 0:07:40]} Bf8 {[%clk 0:12:29]} 42. Nd7
{[%clk 0:07:28]} Nxe6 {[%clk 0:11:59]} 43. dxe6 {[%clk 0:07:24]} Bg7
{[%clk 0:11:37]} 44. c5 {[%clk 0:06:53]} Nf6 {[%clk 0:10:51]} 45. Nxf6+
{[%clk 0:06:20]} Bxf6 {[%clk 0:11:15]} 46. Rxf6 {[%clk 0:06:48]} Qxf6
{[%clk 0:11:23]} 47. e7 {[%clk 0:07:12]} Qf3+ {[%clk 0:10:36]} 48. Kh2
{[%clk 0:07:18]} Qh5+ {[%clk 0:10:19]} 49. Kg2 {[%clk 0:07:33]} Qg5+
{[%clk 0:09:40]} 50. Kf2 {[%clk 0:07:47]} Qf6+ {[%clk 0:10:00]} 51. Kg3
{[%clk 0:07:23]} Qg5+ {[%clk 0:08:59]} 52. Kf3 {[%clk 0:07:27]} Qf6+
{[%clk 0:07:44]} 53. Kg3 {[%clk 0:05:19]} Qg5+ {[%clk 0:08:04]} 54. Kf3
{[%clk 0:05:45]} Qf6+ {[%clk 0:08:30]} 55. Nf4 {[%clk 0:05:01]} Qc6+
{[%clk 0:08:25]} 56. Kg3 {[%clk 0:05:20]} Qe8 {[%clk 0:07:53]} 57. c6
{[%clk 0:05:23]} g5 {[%clk 0:07:36]} 58. Nd5 {[%clk 0:05:28]} Kf7
{[%clk 0:07:41]} 59. Rf1+ {[%clk 0:05:44]} Kg7 {[%clk 0:07:08]} 60. Rf8
{[%clk 0:06:04]} Qxc6 {[%clk 0:07:01]} 61. e8=Q {[%clk 0:06:03]} Qd6+
{[%clk 0:07:25]} 62. Kg4 {[%clk 0:06:14]} h5+ {[%clk 0:07:42]} 63. Kxh5
{[%clk 0:04:18]} Qh6+ {[%clk 0:07:20]} 64. Kg4 {[%clk 0:04:47]} Qh4+
{[%clk 0:07:46]} 65. Kf5 {[%clk 0:04:36]} Qf2+ {[%clk 0:07:24]} 66. Ke6
{[%clk 0:04:30]} Qe2+ {[%clk 0:06:18]} 67. Kd6 {[%clk 0:04:41]} Qh2+
{[%clk 0:06:32]} 68. Kc6 {[%clk 0:04:44]} Qc2+ {[%clk 0:06:38]} 69. Kb7
{[%clk 0:04:53]} 1-0

[Event "PMPJ 2022 - C15"]
[Site "Jastrzebia Gora"]
[Date "2022.11.12"]
[Round "9.21"]
[White "Zydok, Ignacy"]
[Black "Przedlacki, Wiktor"]
[Result "1/2-1/2"]
[BlackElo "1474"]
[WhiteElo "1200"]
[LiveChessVersion "1.4.4"]

1. e4 {[%clk 1:30:59]} c5 {[%clk 1:30:55]} 2. Nf3 {[%clk 1:31:26]} d6
{[%clk 1:31:16]} 3. d4 {[%clk 1:31:46]} cxd4 {[%clk 1:31:41]} 4. Nxd4
{[%clk 1:32:08]} Nf6 {[%clk 1:32:04]} 5. Nc3 {[%clk 1:32:15]} a6 {[%clk 1:32:31]}
6. a4 {[%clk 1:32:16]} e5 {[%clk 1:32:54]} 7. Nf3 {[%clk 1:32:27]} Be7 8. Be2
{[%clk 1:31:43]} O-O {[%clk 1:32:47]} 9. O-O {[%clk 1:32:09]} Nc6
{[%clk 1:33:12]} 10. h3 {[%clk 1:31:00]} Nb4 {[%clk 1:29:29]} 11. Bc4
{[%clk 1:23:32]} Be6 {[%clk 1:28:07]} 12. Bxe6 {[%clk 1:23:15]} fxe6
{[%clk 1:28:29]} 13. Ng5 {[%clk 1:22:56]} Qd7 {[%clk 1:27:02]} 14. f4
{[%clk 1:16:06]} exf4 {[%clk 1:20:23]} 15. Bxf4 {[%clk 1:16:28]} h6
{[%clk 1:20:18]} 16. Nf3 {[%clk 1:16:06]} Rad8 {[%clk 1:06:56]} 17. Bh2
{[%clk 1:06:54]} Qc8 {[%clk 1:03:15]} 18. Qe2 {[%clk 1:00:04]} Nd7
{[%clk 0:57:20]} 19. e5 {[%clk 0:54:58]} d5 {[%clk 0:56:26]} 20. Kh1
{[%clk 0:53:45]} Bc5 {[%clk 0:52:27]} 21. a5 {[%clk 0:44:14]} Rf7
{[%clk 0:51:50]} 22. Na4 {[%clk 0:43:04]} Ba7 {[%clk 0:46:00]} 23. c3
{[%clk 0:42:04]} Nc6 {[%clk 0:46:11]} 24. b4 {[%clk 0:39:50]} Rdf8
{[%clk 0:45:15]} 25. Bg1 {[%clk 0:34:11]} Bxg1 {[%clk 0:43:54]} 26. Kxg1
{[%clk 0:34:39]} Qc7 {[%clk 0:43:38]} 27. Nd4 {[%clk 0:31:09]} Rxf1+
{[%clk 0:41:35]} 28. Rxf1 {[%clk 0:31:37]} Rxf1+ {[%clk 0:41:57]} 29. Qxf1
{[%clk 0:31:06]} Qxe5 {[%clk 0:28:32]} 30. Nxc6 {[%clk 0:31:16]} bxc6
{[%clk 0:28:55]} 1/2-1/2

[Event "PMPJ 2022 - C15"]
[Site "Jastrzebia Gora"]
[Date "2022.11.12"]
[Round "9.22"]
[White "Rodziewicz-bielewicz, Kuba"]
[Black "Borowik, Karol"]
[Result "0-1"]
[BlackElo "1451"]
[WhiteElo "1274"]
[LiveChessVersion "1.4.4"]

1. e4 c5 2. Nf3 e6 3. g3 Nc6 4. Bg2 Nf6 5. Nc3 d5 6. exd5 exd5 7. d4 cxd4 8. Nxd4
Bg4 9. Qd3 Bc5 10. Nxc6 bxc6 11. O-O O-O 12. Bf4 Qd7 13. Rfe1 a5 14. Be5 Bf5 15.
Qd2 Ng4 16. Bd4 Bxd4 17. Qxd4 Bxc2 18. Re2 Bf5 19. Rae1 Rfe8 20. Qa7 h5 21. Qxd7
Bxd7 22. Rxe8+ Rxe8 23. Rxe8+ Bxe8 24. h3 Ne5 25. Kf1 Nd3 26. Nd1 Kf8 27. a3 Ke7
28. Ke2 Ne5 29. Ne3 g6 30. b3 Kd6 31. Nc2 c5 32. Ne3 Bb5+ 33. Kd2 d4 34. Nc2 a4
35. b4 Nc4+ 36. Kc1 d3 37. Ne3 Nxe3 38. fxe3 cxb4 39. axb4 a3 40. Bf3 a2 41. Kb2
Ba4 42. Kxa2 d2 43. Kb2 d1=Q 44. Bxd1 Bxd1 45. Kc3 Bf3 46. Kd4 Be2 47. Ke4 f6 48.
Kf4 Ke6 49. e4 g5+ 50. Ke3 Bf1 51. h4 gxh4 52. gxh4 Ke5 53. Kf3 Bd3 0-1